Querida Susi, Querido Paul /

Guardado en:
Autor Principal: Nöstlinger, Christine.
Formato: Libro
Idioma:Undetermined
Publicado: Madrid : SM, 1986.
Series:El barco de vapor ; 90
Materias:
Etiquetas: Agregar Etiqueta
Sin Etiquetas, Sea el primero en etiquetar este registro!
LEADER 00575nam a22001935a 4500
001 CEM.cems019812
008 221026s1986####sp############000#0#und#d
005 20221027091132.0
245 1 0 |a Querida Susi, Querido Paul /  |c Christine Nöstlinger. 
260 |a Madrid :  |b SM,  |c 1986. 
300 |a 92 p. ;  |c 19 cm. 
490 1 |a El barco de vapor ;  |v 90 
020 |a 8434816776 
100 1 |a Nöstlinger, Christine. 
082 0 4 |a 839 
653 |a Literatura Juvenil 
653 |a Literatura Infantil 
653 |a Novela 
859 |a CEMS  |b BIB. CEMS - Inicial y Primaria  |h 839  |i N842-4  |k IP  |p 436  |t Ej.1